| 000 | 00577nam a22001697a 4500 | ||
|---|---|---|---|
| 003 | OSt | ||
| 005 | 20171010095514.0 | ||
| 008 | 120813t xxu||||| |||| 00| 0 eng d | ||
| 040 |
_aMMSU _cULS |
||
| 100 |
_aGonzales, Myrna C. _912110 |
||
| 245 |
_aPre-elementary education and academic achievement of Garde 1 pupils _cMyrna C. Gonzales |
||
| 260 | _c1999 | ||
| 300 |
_aviii, 77 leaves _c28 cm. |
||
| 500 | _aThesis (MA Education-Special Education) -- Mariano Marcos State University-Graduate School, Laoag City | ||
| 504 | _aBibliography: leaves 64-66 | ||
| 942 |
_2lcc _cTHEDIS |
||
| 999 |
_c9716 _d9716 |
||